MARC

LEADER 00000nab a2200000 ar4500
001 vtls011542996
003 SK-MaSNL
005 20260303203853.0
008 180907c2016 xo wr|p|||||||000 b|slo
038 |a PPPK 
040 |a PPPKCL  |b slo  |c PPPKCL  |e AACR2 
041 0 |a slo 
044 |a xo  |c SK 
080 |a 796.422.093  |x (437.6-17)  |2 2011 
245 0 0 |a Bežci majú sériu za sebou  |c [autor] (mik, ppr) 
610 2 7 |a Grand Hotel Bellevue (Horný Smokovec, Slovensko)  |2 pppkcl  |9 490913 
611 2 7 |a Zimná bežecká séria  |n (3. :  |d 2015-2016 :  |c Vysoké Tatry, Slovensko)  |2 pppkcl  |9 1236904 
648 7 |a 13.2.2016  |2 pppkcl  |9 1236905 
650 0 7 |a beh  |2 pppkcl  |9 3281 
650 0 7 |a bežecké preteky  |2 pppkcl  |9 31134 
651 7 |a Vysoké Tatry (Poľsko a Slovensko : pohorie)  |2 SNKPHgeo  |9 67729 
773 0 |t Podtatranské noviny  |g Roč. LVI, č. 8 (2016), s. 8  |x 1210-2423 
852 |a PPPK  |b KIS3GCP 
999 |c 2187471  |d 2189401